Missing Word: 1990s 'A' Song Endings Quiz Stats

Quiz Updated Sep 20, 2015

Challenge
Share
Tweet
Embed
Score 0/20 Timer 04:00
0 Plays Today
Song Missing Word % Correct
Something To Talk _____About
96.8%
Happily Ever _____After
95.1%
Here We _____Are
90.7%
Never Leave Me _____Alone
89.6%
Together _____Again
89%
The Dream Is Still _____Alive
85.2%
Jump _____Around
80.6%
Everything Falls _____Apart
78.8%
Don't Look Back In _____Anger
75.5%
Run _____Away
72.7%
Song Missing Word % Correct
She Talks To _____Angels
67.9%
Paranoid _____Android
56%
Broken _____Arrow
50.3%
All _____Apologies
34.7%
My _____All
34%
Player's _____Anthem
28.4%
American Honky-Tonk Bar _____Association
26.1%
Do _____Anything
23.9%
Justified & _____Ancient
15%
Whip _____Appeal
7.5%

Today's Daily Dose

Missing Word
Law Misconceptions

Word Ladder
Easy Math

On This Day
January 20th

You're not logged in!

Compare scores with friends on all Sporcle quizzes.
Sign Up with Email
OR
Log In

You Might Also Like...

Show Comments

Extras

Top Quizzes Today


Score Distribution

Your Account Isn't Verified!

In order to create a playlist on Sporcle, you need to verify the email address you used during registration. Go to your Sporcle Settings to finish the process.